000 00810 a2200181 4500
001 142485
040 _cLeonardo Da Vinci
041 _aPortuguês
082 _av223
100 _aEDUCACIONAL SHOP VIDEO
245 _aFunções trigonométricas 2
_bondas senoidais: o plano cartesiano vem a vida
250 _av.1-2
260 _bESV
_aSão Paulo
490 _aTV Ontario
520 _aAs funções de seno, co-seno e tangente são introduzidas através de um exame em seus gráficos no plano cartesiano. É revelado que o gráfico para co-seno pode ser transformado em um gráfico de seno através de uma fase de mudança simples
697 _aFunção Trigonométrica
_aMedidas em radianos
_aSeno
_aAmplitude
_aPeríodo
_aCo-seno
_aTangente
_aOndas senoidais
_aAplicações das ondas senoidais
942 _cVM
999 _c142485
_d142485